00478nam a2200193Ia 4500003000900000008004100009040001300050040001300063041000800076100002200084245009900106250001200205260000900217260000900226300001100235300001000246490000600256600002200262IT-RoPAU120407s9999 xx 000 0 und d aIT-RoPAU cIT-RoPAU aita aAlfio Pinocchiaro aAnalisi logica per la preparazione allo studio del latino nelle scuola media inferiore. 2a ed. aBologna aCeli c1945 a256 p. c20 cm v1 a1. Analisi logica